Loading...
Religion | 0 | 4 | 0 | 1 | 40 | 66 | 85.50 | 0 | 1 |
Science - Other Science | 0 | 4 | 0 | 0 | 40 | 33 | 45.00 | 2 | 3 |
Painting/Sculpture | 0 | 3 | 0 | 0 | 30 | 84 | 97.67 | 0 | 1 |
Current Events | 0 | 3 | 0 | 1 | 30 | 53 | 83.00 | 0 | 0 |
History - European History | 0 | 3 | 0 | 3 | 30 | 73 | 96.33 | 0 | 0 |
History - Other History | 0 | 3 | 0 | 1 | 30 | 95 | 104.33 | 0 | 0 |
Social Science | 0 | 3 | 1 | 1 | 25 | 42 | 73.00 | 0 | 1 |
Fine Arts - Classical Music | 0 | 3 | 1 | 1 | 25 | 83 | 93.33 | 0 | 0 |
Fine Arts - Other Fine Arts | 0 | 2 | 0 | 2 | 20 | 108 | 114.00 | 0 | 0 |
Literature - European Literature | 0 | 2 | 0 | 0 | 20 | 116 | 120.50 | 0 | 0 |
Mythology | 0 | 2 | 0 | 0 | 20 | 106 | 115.00 | 0 | 0 |
Literature - American Literature | 0 | 2 | 0 | 0 | 20 | 99 | 107.00 | 0 | 1 |
Philosophy | 0 | 2 | 0 | 0 | 20 | 70 | 95.00 | 0 | 0 |
Literature - World Literature | 0 | 2 | 1 | 1 | 15 | 100 | 109.50 | 0 | 0 |
Pop Culture | 0 | 1 | 0 | 1 | 10 | 114 | 114.00 | 0 | 0 |
History - World History | 0 | 1 | 0 | 0 | 10 | 42 | 42.00 | 1 | 1 |
Science - Chemistry | 0 | 1 | 0 | 1 | 10 | 75 | 75.00 | 0 | 0 |
History - American History | 0 | 1 | 1 | 1 | 5 | 75 | 75.00 | 0 | 0 |
Science - Biology | 0 | 0 | 1 | 0 | -5 | 0.00 | 0 | 0 | |
Literature - British Literature | 0 | 0 | 2 | 0 | -10 | 0.00 | 0 | 0 |